Loading...
Wittgenstein
| Main Author: | |
|---|---|
| Format: | Printed Book |
| Published: |
Oxford, Blackwell Publsihers
1997
|
| Series: | 4
An Analytical commentary on the philosophical investigations |
| Subjects: |
| LEADER | 007060000a22002410004500 | ||
|---|---|---|---|
| 020 | |a 0-631-18739-1 | ||
| 082 | |a 192 WIT N0.4 | ||
| 100 | |a Hacker, P M S | ||
| 245 | |a Wittgenstein | ||
| 260 | |a Oxford, Blackwell Publsihers | ||
| 260 | |c 1997 | ||
| 465 | |a P 100 | ||
| 490 | |a 4 |c Mind and will | ||
| 490 | |a An Analytical commentary on the philosophical investigations | ||
| 650 | |a Great Britain | ||
| 650 | |a Languages | ||
| 650 | |a Mind | ||
| 650 | |a Philosphy | ||
| 650 | |a Semantics | ||
| 650 | |a Wittgenstein, Ludwig | ||
| 942 | |c BK | ||
| 999 | |c 19101 |d 19101 | ||
| 952 | |0 0 |1 0 |4 0 |6 192_WIT_N0_400000000000000 |7 0 |8 ENG |9 18915 |a MGUL |b MGUL |d 2013-07-16 |e P 100 |l 0 |o 192 WIT N0.4 |p 30447 |r 2013-07-16 |w 2013-07-16 |y BK | ||